| 000 | 01216nam a22002057a 4500 | ||
|---|---|---|---|
| 003 | OSt | ||
| 005 | 20251115163902.0 | ||
| 008 | 251115b |||||||| |||| 00| 0 eng d | ||
| 040 | _cDCL | ||
| 082 | _a၂၉၄.၃၈၂၂၃ | ||
| 130 |
_aတိပိဋက။ _pသုတ္တန္တပိဋက။ _pဒီဃနိကာယ။ _tမဟာဝဂ္ဂ၊ _lပါဠိတော်၊ _sနိဿယ။ |
||
| 245 |
_aမဟာဝဂ္ဂပါဠိတော်နိဿယ၊ _bပထမတွဲ / _cဝေယန်ဘုံသာ ဆရာတော်။ |
||
| 264 |
_aရန်ကုန် ၊ _bဣစ္ဆာသယပိဋကတ်စာအုပ်ဆိုင်၊ _c[ခုနှစ်မပါ]။ |
||
| 300 |
_a၂၉၄ စာမျက်နှာ ၊ _cည၊ ၂၅ စင်တီ။ |
||
| 650 |
_aဝိနည်းမဟာဝါ _vပါဠိတော်နိဿယ။ |
||
| 650 |
_aမဟာဝဂ္ဂ _vပါဠိတော်နိဿယ။ |
||
| 650 |
_aမဟာဝဂ် _vပါဠိတော်နိဿယ။ |
||
| 700 |
_aဝေယန်ဘုံသာ ဆရာတော် _dမြန်မာပြန်ဆိုသူ |
||
| 942 |
_2ddc _cSHORT TERM _n0 |
||
| 999 |
_c2474 _d2474 |
||